Understand about extension and system of rice intensification adoption,(ស្វែងយល់ពីការផ្សព្វផ្សាយ និង ការទទួលយកបច្ចេកទេសធ្វើស្រូវ តាមបែបប្រព័ន្ធប្រពលវប្បកម្មតាមគោលការណ៍ ធម្មជាតិ) (Record no. 1079)
[ view plain ]
| 000 -LEADER | |
|---|---|
| fixed length control field | 00738nam a22001577a 4500 |
| 003 - CONTROL NUMBER IDENTIFIER | |
| control field | OSt |
| 005 - DATE AND TIME OF LATEST TRANSACTION | |
| control field | 20150922153117.0 |
| 008 - FIXED-LENGTH DATA ELEMENTS--GENERAL INFORMATION | |
| fixed length control field | 150922b xxu||||| |||| 00| 0 eng d |
| 040 ## - CATALOGING SOURCE | |
| Transcribing agency | RUA |
| 082 ## - DEWEY DECIMAL CLASSIFICATION NUMBER | |
| Classification number | AGR KIM 2007 B035 Or.1 |
| 100 ## - MAIN ENTRY--PERSONAL NAME | |
| 9 (RLIN) | 1127 |
| Personal name | KIM LALIN |
| 245 ## - TITLE STATEMENT | |
| Title | Understand about extension and system of rice intensification adoption,(ស្វែងយល់ពីការផ្សព្វផ្សាយ និង ការទទួលយកបច្ចេកទេសធ្វើស្រូវ តាមបែបប្រព័ន្ធប្រពលវប្បកម្មតាមគោលការណ៍ ធម្មជាតិ) |
| 260 ## - PUBLICATION, DISTRIBUTION, ETC. (IMPRINT) | |
| Place of publication, distribution, etc. | phnom penh |
| Name of publisher, distributor, etc. | RUA |
| Date of publication, distribution, etc. | 2007 |
| 300 ## - PHYSICAL DESCRIPTION | |
| Extent | ix,31p. |
| Dimensions | ill. |
| Size of unit | 29cm. |
| 942 ## - ADDED ENTRY ELEMENTS (KOHA) | |
| Source of classification or shelving scheme | |
| Koha item type | AGR |
| Price effective from | Date last seen | Permanent Location | Not for loan | Date acquired | Source of classification or shelving scheme | Koha item type | Lost status | Withdrawn status | Total Renewals | Date last checked out | Total Checkouts | Shelving location | Damaged status | Barcode | Current Location | Full call number |
|---|---|---|---|---|---|---|---|---|---|---|---|---|---|---|---|---|
| 2015-09-22 | 2015-09-22 | Library Block B | 2015-09-22 | AGR | B035 | RUA002998 | Library Block B | AGR KIM 2007 B035 Or.1 | ||||||||
| 2015-09-22 | 2015-09-22 | Library Block B | 2015-09-22 | AGR | B035 | RUA002941 | Library Block B | AGR KIM 2007 B035 Or.2 | ||||||||
| 2015-09-22 | 2016-09-02 | Library Block B | 2015-09-22 | AGR | 2 | 2016-08-09 | 2 | B035 | RUA002869 | Library Block B | AGR KIM 2007 B035 Or.3 | |||||
| 2018-12-19 | 2018-12-19 | Library Block B | 2018-12-19 | AGR | B1.194 | A41310 | Library Block B | AGR KIM 2007 B1.194 Or.1 | ||||||||
| 2018-12-24 | 2018-12-24 | Library Block B | 2018-12-24 | AGR | B1.194 | A41635 | Library Block B | AGR KIM 2007 B1.194 Or.1 | ||||||||
| 2019-01-21 | 2019-01-21 | Library Block B | 2019-01-21 | AGR | B1.210 | A41552 | Library Block B | AGR KIM 2007 B1.210 Or.1 | ||||||||
| 2019-01-21 | 2022-07-20 | Library Block B | 2019-01-21 | AGR | 2022-06-27 | 1 | B1.210 | A41627 | Library Block B | AGR KIM 2007 B1.210 Or.4 | ||||||
| 2019-01-21 | 2019-01-21 | Library Block B | 2019-01-21 | AGR | B1.210 | A40514 | Library Block B | AGR KIM 2007 B1.210 Or.5 | ||||||||
| 2022-10-24 | 2022-10-24 | Library Block B | 2022-10-24 | AGR | B035 | a41125 | Library Block B | AGR KIM 2007 B035 Or.4 |